Sports Quiz

Random Sports or Soccer Quiz

Premier League Team by Graph II Quiz Stats

 Plays Quiz Updated May 18, 2016

Challenge
Share
Tweet
Score 0/16 Timer 08:00
9 Plays Today
% Correct
Arsenal FC
98.7%
Everton FC
78.9%
Portsmouth FC
64.7%
Swansea City
61.9%
Norwich City
55.4%
West Bromwich Albion
45.7%
Leicester City
44%
Queens Park Rangers
43.4%
% Correct
Sunderland AFC
42.9%
Crystal Palace
38.3%
Birmingham City
35.3%
Wolverhampton Wanderers
32.2%
Derby County
31.3%
Charlton Athletic
30.9%
Middlesbrough FC
26.1%
Sheffield Wednesday
23.3%

You're not logged in!

Compare scores with friends on all Sporcle quizzes.
OR
Log In

You Might Also Like...

Show Comments

Extras

Top Quizzes Today


Score Distribution

Your Account Isn't Verified!

In order to create a playlist on Sporcle, you need to verify the email address you used during registration. Go to your Sporcle Settings to finish the process.

Report this User

Report this user for behavior that violates our Community Guidelines.

Details: